[Event "IV Open Internacional Calvia"]
[Site "Calvia"]
[Date "2007.10.16"]
[Round "2.48"]
[White "Persson, Mats"]
[Black "Lucena Cifre, Rafael Jose"]
[Result "1-0"]
[WhiteElo "2131"]
[BlackElo "1922"]
[PlyCount "43"]
[EventDate "2007.??.??"]

1. e4 e6 2. Qe2 c5 3. f4 Nc6 4. Nf3 Nf6 5. g3 Be7 6. Bg2 d5 7. d3 a6 8. e5 Nd7
9. c4 Nb6 10. Be3 Bd7 11. O-O Rc8 12. Bf2 O-O 13. Nbd2 Be8 14. Nb3 d4 15. g4
Bd7 16. Bg3 Qc7 17. f5 Qd8 18. f6 gxf6 19. exf6 Bxf6 20. Nxc5 Na5 21. b4 Qe7
22. Nxd7 1-0

[Event "IV Open Internacional Calvia"]
[Site "Calvia"]
[Date "2007.10.16"]
[Round "2.49"]
[White "Bondielli, Giorgio"]
[Black "Kvisla, Johannes Luangtep"]
[Result "1/2-1/2"]
[WhiteElo "1944"]
[BlackElo "2124"]
[PlyCount "105"]
[EventDate "2007.??.??"]

1. e4 e5 2. Nf3 Nf6 3. d4 Nxe4 4. Bd3 d5 5. Nxe5 Bd6 6. O-O O-O 7. c4 c6 8.
cxd5 cxd5 9. Qc2 Bf5 10. Nc3 Nc6 11. Nxc6 bxc6 12. Bxe4 dxe4 13. Be3 Qh4 14. g3
Qh5 15. Nxe4 Qg6 16. f3 Rfe8 17. Qxc6 Bxe4 18. fxe4 Rac8 19. Qd5 Bxg3 20. Qg5
Qxe4 21. Qxg3 Qxe3+ 22. Qxe3 Rxe3 23. Rac1 Rxc1 24. Rxc1 g6 25. Rc7 Re2 26.
Rxa7 Rxb2 27. d5 Rd2 28. Ra5 Kg7 29. h3 Kf6 30. Kf1 Ke5 31. Ra7 Kf6 32. Ra6+
Ke5 33. Ra7 f5 34. Rxh7 Rxa2 35. d6 Kxd6 36. Rh6 Ke5 37. Rxg6 Kf4 38. Kg1 Kf3
39. h4 Ra1+ 40. Kh2 f4 41. h5 Ra5 42. h6 Ke2 43. Rf6 Rh5+ 44. Kg2 Rg5+ 45. Kh3
f3 46. Kh4 Rg8 47. Kh5 f2 48. Rxf2+ Kxf2 49. h7 Rb8 50. Kh6 Kg3 51. Kg7 Kg4 52.
h8=Q Rxh8 53. Kxh8 1/2-1/2

[Event "IV Open Internacional Calvia"]
[Site "Calvia"]
[Date "2007.10.16"]
[Round "2.51"]
[White "Moreno Mateos, Jose Luis"]
[Black "Cortes, Eduardo"]
[Result "0-1"]
[WhiteElo "1931"]
[BlackElo "2106"]
[PlyCount "82"]
[EventDate "2007.??.??"]

1. e4 c5 2. Nc3 Nc6 3. f4 g6 4. Nf3 Bg7 5. Bb5 Nd4 6. O-O a6 7. Bd3 b5 8. e5
Bb7 9. Be4 Nc6 10. d4 cxd4 11. Nxd4 b4 12. Na4 d5 13. Bf3 e6 14. Be3 Nge7 15.
Nc5 Bc8 16. Ncb3 O-O 17. a3 bxa3 18. Rxa3 Rb8 19. Nxc6 Nxc6 20. Bc5 Re8 21. Be2
Ra8 22. Qd2 Kh8 23. Qc3 Qc7 24. Rfa1 g5 25. Be3 Bf8 26. Ra4 gxf4 27. Bxf4 Bg7
28. Nd4 Bd7 29. Nxc6 Bxc6 30. Bb5 Qb6+ 31. Be3 Qxb5 32. Rb4 d4 33. Rxd4 Qxe5
34. Ra5 Bb5 35. Qd2 Qc7 36. c4 Bxd4 37. Bxd4+ e5 38. Bc3 Qxc4 39. Qf2 Qe6 40.
Ra1 Rg8 41. Re1 f6 0-1

[Event "IV Open Internacional Calvia"]
[Site "Calvia"]
[Date "2007.10.16"]
[Round "2.52"]
[White "Wahl, Peter"]
[Black "Lewandowski, Richard"]
[Result "1-0"]
[WhiteElo "2100"]
[BlackElo "1758"]
[PlyCount "121"]
[EventDate "2007.??.??"]

1. d4 d5 2. c4 c6 3. Nd2 Nf6 4. Qc2 e6 5. Ngf3 Nbd7 6. g3 Be7 7. Bg2 a6 8. a4
b6 9. O-O Bb7 10. e4 dxe4 11. Nxe4 Nxe4 12. Qxe4 O-O 13. Ne5 Nxe5 14. dxe5 Rc8
15. Be3 Qc7 16. a5 bxa5 17. c5 Rfd8 18. f4 Ba8 19. Qc2 Rb8 20. Rfb1 Rb5 21. Ra3
Rdb8 22. Rc3 Qb7 23. Bc1 Rb3 24. Rc4 Qd7 25. Be4 R3b4 26. Bxh7+ Kf8 27. Bd3
Rxc4 28. Qxc4 Rb5 29. Be3 Bb7 30. Be4 Rb4 31. Qc2 a4 32. Ra1 Rb3 33. Bf2 Bc8
34. Rxa4 Qb7 35. Bd4 Qb5 36. Qc4 Bb7 37. Bc2 Qxc4 38. Rxc4 Rb5 39. Ba4 Ra5 40.
Kf1 g6 41. h4 Kg7 42. Ke2 Kh6 43. Kf3 Kg7 44. Bf2 f6 45. Ke2 Kh6 46. g4 f5 47.
g5+ Kg7 48. Kd2 Kf7 49. Kc3 Ke8 50. Kb4 Bd8 51. Ka3 Ke7 52. b4 Rb5 53. Bxb5
axb5 54. Rd4 Bc7 55. h5 gxh5 56. g6 Bc8 57. Bh4+ Kf8 58. Bf6 h4 59. Rd3 Ke8 60.
Rh3 Bd8 61. Rxh4 1-0

[Event "IV Open Internacional Calvia"]
[Site "Calvia"]
[Date "2007.10.16"]
[Round "2.54"]
[White "Schmitz, Andreas Arnold"]
[Black "Baldo Company, Jordi"]
[Result "1-0"]
[WhiteElo "2093"]
[BlackElo "1728"]
[PlyCount "21"]
[EventDate "2007.??.??"]

1. e4 c6 2. Nc3 d5 3. Qf3 e6 4. e5 Nd7 5. d4 c5 6. Be3 cxd4 7. Bxd4 Bc5 8. Nb5
Be7 9. Qc3 Nb6 10. Nc7+ Kf8 11. Bxb6 1-0

[Event "IV Open Internacional Calvia"]
[Site "Calvia"]
[Date "2007.10.16"]
[Round "2.55"]
[White "Ensenat Calafell, Jose Luis"]
[Black "Juan Mas, Santiago"]
[Result "0-1"]
[WhiteElo "1782"]
[BlackElo "2090"]
[PlyCount "52"]
[EventDate "2007.??.??"]

1. e4 Nc6 2. Nf3 d6 3. d4 Nf6 4. Nc3 Bg4 5. Be2 g6 6. Be3 Bg7 7. h3 Bxf3 8.
Bxf3 O-O 9. Qd2 e5 10. d5 Nd4 11. Bxd4 exd4 12. Qxd4 Nxe4 13. Qd3 Nxc3 14. bxc3
Re8+ 15. Kf1 Qe7 16. g3 h5 17. h4 Be5 18. Kg2 Qf6 19. Rab1 b6 20. Rb4 Re7 21.
Re4 Rae8 22. c4 Bc3 23. Rf4 Qg7 24. g4 Be5 25. Re4 f5 26. Re2 hxg4 0-1

[Event "IV Open Internacional Calvia"]
[Site "Calvia"]
[Date "2007.10.16"]
[Round "2.57"]
[White "Lie, Terje"]
[Black "Andersen, Mads"]
[Result "0-1"]
[WhiteElo "1742"]
[BlackElo "2074"]
[PlyCount "22"]
[EventDate "2007.??.??"]

1. d4 Nf6 2. c4 g6 3. Nc3 d5 4. c5 Bg7 5. Nf3 O-O 6. Be3 b6 7. b4 a5 8. b5 bxc5
9. dxc5 Ne4 10. Qxd5 Bxc3+ 11. Bd2 Qxd5 0-1

[Event "IV Open Internacional Calvia"]
[Site "Calvia"]
[Date "2007.10.16"]
[Round "2.58"]
[White "Castell Cantero, Salvador"]
[Black "Febrero Perez, Lluis"]
[Result "1-0"]
[WhiteElo "2073"]
[BlackElo "1690"]
[PlyCount "75"]
[EventDate "2007.??.??"]

1. d4 Nf6 2. c4 e6 3. Nf3 d6 4. Nc3 b6 5. Bg5 Be7 6. e3 Nbd7 7. Be2 Bb7 8. O-O
h6 9. Bh4 O-O 10. Qb3 c5 11. Rfd1 Ne4 12. Nxe4 Bxh4 13. Nxd6 Bxf3 14. Bxf3 Rb8
15. Ne4 Qc7 16. g3 Be7 17. d5 exd5 18. cxd5 Ne5 19. Bg2 Rbd8 20. Rd2 Kh8 21.
Rad1 Bd6 22. Nxd6 Rxd6 23. f4 Nd7 24. e4 f6 25. Qe3 Re8 26. Bf3 Re7 27. Bg4 Qd8
28. Be6 Nf8 29. e5 fxe5 30. fxe5 Rdd7 31. Bxd7 Nxd7 32. e6 Qg8 33. Qf4 Nf6 34.
Re2 Ne8 35. Rde1 g5 36. Qb8 Nc7 37. Qxg8+ Kxg8 38. d6 1-0

[Event "IV Open Internacional Calvia"]
[Site "Calvia"]
[Date "2007.10.16"]
[Round "2.59"]
[White "Kuenitz, Klaus"]
[Black "Mandic, Milenko"]
[Result "0-1"]
[WhiteElo "1695"]
[BlackElo "2064"]
[PlyCount "74"]
[EventDate "2007.??.??"]

1. d4 Nf6 2. c4 d6 3. Nf3 g6 4. Nc3 Bg7 5. Bf4 c6 6. e3 Qa5 7. Be2 h6 8. h3 O-O
9. O-O Nbd7 10. Qd2 Kh7 11. Bd3 e5 12. Bh2 Ne8 13. a3 Qd8 14. Rad1 Qe7 15. Bg3
f5 16. dxe5 dxe5 17. Bc2 Bf6 18. b4 a5 19. c5 e4 20. Nd4 Be5 21. Nb3 Bxg3 22.
fxg3 b6 23. bxa5 bxa5 24. Nd4 Ne5 25. Na4 Ba6 26. Qxa5 Nf6 27. Rfe1 Be2 28. Qd2
Bxd1 29. Rxd1 Nh5 30. Ne2 Rfd8 31. Qc3 Rxd1+ 32. Bxd1 Rd8 33. Bc2 Qc7 34. Nf4
Nxg3 35. Kf2 Nd3+ 36. Bxd3 exd3 37. Kxg3 g5 0-1

[Event "IV Open Internacional Calvia"]
[Site "Calvia"]
[Date "2007.10.17"]
[Round "3.7"]
[White "Marzolo, Cyril"]
[Black "Arencibia, Rodriguez Walter"]
[Result "0-1"]
[WhiteElo "2478"]
[BlackElo "2562"]
[PlyCount "58"]
[EventDate "2007.??.??"]

1. d4 Nf6 2. Nf3 g6 3. c4 Bg7 4. Nc3 d5 5. Bg5 Ne4 6. cxd5 Nxg5 7. Nxg5 e6 8.
Qd2 h6 9. Nh3 exd5 10. Nf4 O-O 11. e3 c5 12. dxc5 d4 13. O-O-O dxc3 14. Qxd8
cxb2+ 15. Kb1 Bf5+ 16. Bd3 Rxd8 17. Bxf5 Na6 18. Bc2 Nxc5 19. f3 Rac8 20. e4
Kf8 21. Nd5 Ne6 22. Rhe1 Rc5 23. f4 Nd4 24. Bd3 f5 25. Ne3 fxe4 26. Bxe4 Rdc8
27. Bd3 a5 28. Rf1 R8c6 29. f5 Rc1+ 0-1

[Event "IV Open Internacional Calvia"]
[Site "Calvia"]
[Date "2007.10.17"]
[Round "3.8"]
[White "Gharamian, Tigran"]
[Black "Orlov, Andrey"]
[Result "1/2-1/2"]
[WhiteElo "2557"]
[BlackElo "2481"]
[PlyCount "85"]
[EventDate "2007.??.??"]

1. e4 e5 2. Nf3 Nc6 3. Bb5 a6 4. Bxc6 dxc6 5. O-O Bg4 6. h3 h5 7. d3 Qf6 8.
Nbd2 Bd6 9. d4 Ne7 10. dxe5 Bxe5 11. Nc4 Rd8 12. Qe2 Bxf3 13. Qxf3 Qxf3 14.
gxf3 Ng6 15. Nxe5 Nxe5 16. f4 Nc4 17. f5 Nd2 18. Bxd2 Rxd2 19. Rac1 Ke7 20.
Rfd1 Re2 21. Re1 Rd2 22. Red1 Re2 23. Re1 Rd2 24. Kg2 Rhd8 25. Kf3 f6 26. Re2
Rd1 27. Rxd1 Rxd1 28. Kg3 Rb1 29. c3 Rd1 30. f3 Rf1 31. f4 Rg1+ 32. Kh4 Rf1 33.
Kxh5 Rxf4 34. Kg6 Rf3 35. Rg2 Kf8 36. h4 Rf4 37. h5 Rh4 38. b4 b5 39. Rg3 Rh2
40. Rg1 Rh3 41. Rg2 Rh1 42. Rg3 Rh2 43. Rg1 1/2-1/2

[Event "IV Open Internacional Calvia"]
[Site "Calvia"]
[Date "2007.10.17"]
[Round "3.9"]
[White "Jedynak, Radoslaw"]
[Black "Caspi, Israel"]
[Result "0-1"]
[WhiteElo "2543"]
[BlackElo "2377"]
[PlyCount "102"]
[EventDate "2007.??.??"]

1. d4 Nf6 2. Bg5 c5 3. d5 Ne4 4. Bf4 Qb6 5. Bc1 e5 6. f3 Nd6 7. e4 f5 8. Nc3
Be7 9. Nh3 fxe4 10. fxe4 O-O 11. Nf2 c4 12. Qe2 Na6 13. Nfd1 Nc5 14. Be3 Qa5
15. Qd2 Qc7 16. Nf2 b5 17. a3 a5 18. Be2 Ba6 19. Bf3 Bh4 20. O-O b4 21. Bxc5
Qxc5 22. Na4 Qa7 23. axb4 c3 24. Nxc3 Bxf1 25. Rxf1 axb4 26. Ncd1 Qb6 27. Kh1
Ra1 28. Nd3 Nxe4 29. Qe2 Ng5 30. Nxe5 Qd6 31. Nc4 Qh6 32. d6 Nxf3 33. gxf3 Bg3
34. Nde3 Rxf1+ 35. Nxf1 Bxd6 36. Qd3 Bb8 37. Qxd7 Rxf3 38. Kg2 Rf8 39. Ng3 Qf4
40. Qd5+ Kh8 41. c3 Qf2+ 42. Kh3 Bxg3 43. hxg3 Qf1+ 44. Kg4 Qe2+ 45. Kh3 bxc3
46. bxc3 Qf3 47. Qd4 Qh1+ 48. Kg4 h5+ 49. Kg5 Qh3 50. Ne3 Qxg3+ 51. Kxh5 Kh7
0-1

[Event "IV Open Internacional Calvia"]
[Site "Calvia"]
[Date "2007.10.17"]
[Round "3.11"]
[White "Movsziszian, Karen"]
[Black "Rosberg, Simon"]
[Result "1-0"]
[WhiteElo "2531"]
[BlackElo "2213"]
[PlyCount "74"]
[EventDate "2007.??.??"]

1. e4 c5 2. d3 Nc6 3. g3 g6 4. Bg2 Bg7 5. f4 d6 6. Nh3 e6 7. O-O Nge7 8. c3 O-O
9. Be3 b6 10. Na3 Qd7 11. Nc2 Ba6 12. Re1 Rad8 13. d4 cxd4 14. cxd4 d5 15. e5
Rc8 16. Bf2 Rc7 17. b3 Rfc8 18. g4 Nd8 19. Nb4 Bb7 20. Bf1 a5 21. Nd3 Ndc6 22.
Qd2 f5 23. exf6 Bxf6 24. Ne5 Nxe5 25. fxe5 Bg7 26. Bh4 Ra8 27. Bf6 Ba6 28. Bxa6
Rxa6 29. Bxg7 Kxg7 30. Qf4 Ng8 31. Rf1 Ra8 32. Rf3 Qe7 33. Raf1 Rac8 34. Qf6+
Qxf6 35. exf6+ Kf8 36. f7 Nh6 37. Ng5 Ra8 1-0

[Event "IV Open Internacional Calvia"]
[Site "Calvia"]
[Date "2007.10.17"]
[Round "3.12"]
[White "Rodriguez Lopez, Rafael"]
[Black "Wojtaszek, Radoslaw"]
[Result "0-1"]
[WhiteElo "2281"]
[BlackElo "2635"]
[PlyCount "54"]
[EventDate "2007.??.??"]

1. d4 Nf6 2. Nf3 e6 3. g3 b5 4. Bg2 d5 5. O-O Be7 6. c3 O-O 7. Bg5 Nbd7 8. a4
b4 9. c4 c6 10. Nbd2 Ba6 11. Qc2 Rc8 12. Rfe1 c5 13. cxd5 Nxd5 14. Bxe7 Qxe7
15. Qe4 c4 16. e3 c3 17. bxc3 bxc3 18. Nb3 Nb4 19. Bf1 Nf6 20. Qb1 c2 21. Qb2
Bxf1 22. Rxf1 Nd3 23. Qa2 Ne4 24. Nc1 Nb4 25. Qb2 Rb8 26. Qa3 Rfc8 27. Na2 a5
0-1

[Event "IV Open Internacional Calvia"]
[Site "Calvia"]
[Date "2007.10.17"]
[Round "3.13"]
[White "Malakhatko, Vadim"]
[Black "Mogranzini, Roberto"]
[Result "1-0"]
[WhiteElo "2596"]
[BlackElo "2415"]
[PlyCount "81"]
[EventDate "2007.??.??"]

1. d4 Nf6 2. c4 g6 3. Nc3 d5 4. Bg5 Ne4 5. Bh4 Nxc3 6. bxc3 dxc4 7. Qa4+ Qd7 8.
Qxc4 Bg7 9. Nf3 O-O 10. e3 b6 11. Qb5 c6 12. Qb3 Bb7 13. Be2 Re8 14. O-O Ba6
15. Bxa6 Nxa6 16. Bg3 Qb7 17. Rab1 Nb8 18. Ne5 Rf8 19. Qc4 Bxe5 20. Bxe5 Nd7
21. Bg3 Rac8 22. e4 Nf6 23. Rfe1 Qd7 24. h3 Ne8 25. Rbd1 Nd6 26. Qb3 Qb7 27. c4
Qa6 28. c5 Nc4 29. Rc1 b5 30. a4 Rfd8 31. d5 Na5 32. Qb4 bxa4 33. Qxa4 cxd5 34.
exd5 Rxd5 35. Rxe7 Kf8 36. Rc7 Rcd8 37. Bd6+ Kg8 38. Re1 Kg7 39. Qa1+ Kg8 40.
Qf6 Rf8 41. Rxf7 1-0

[Event "IV Open Internacional Calvia"]
[Site "Calvia"]
[Date "2007.10.17"]
[Round "3.14"]
[White "Gagunashvili, Merab"]
[Black "Teran Alvarez, Ismael"]
[Result "1/2-1/2"]
[WhiteElo "2584"]
[BlackElo "2402"]
[PlyCount "95"]
[EventDate "2007.??.??"]

1. d4 Nf6 2. g3 g6 3. Bg2 d5 4. Nf3 Bg7 5. c4 dxc4 6. O-O O-O 7. Na3 c3 8. bxc3
c5 9. e3 Nc6 10. Qe2 Bf5 11. Rd1 cxd4 12. cxd4 Qa5 13. Nd2 Bg4 14. f3 Be6 15.
Nb3 Bxb3 16. axb3 Rfd8 17. Bb2 Qb6 18. Qb5 Nd5 19. Qxb6 axb6 20. Nc2 Na5 21.
Rd3 Rac8 22. Rc1 Rc7 23. f4 e6 24. Na1 Rxc1+ 25. Bxc1 Rc8 26. Bb2 f5 27. Kf2
Bf8 28. Ke2 Bb4 29. Kd1 Kf7 30. Nc2 Bd6 31. Bxd5 exd5 32. Kd2 b5 33. Rc3 Nc6
34. Kd1 b4 35. Rd3 Na5 36. Ne1 h6 37. Nf3 Ke6 38. Ne5 Bxe5 39. dxe5 Rc7 40. Bd4
Rc8 41. Bb2 Nc6 42. Rd2 Na5 43. Rd4 Nc6 44. Rd3 Na5 45. Bc1 Nc6 46. Bd2 Rc7 47.
Be1 Rc8 48. Bd2 1/2-1/2

[Event "IV Open Internacional Calvia"]
[Site "Calvia"]
[Date "2007.10.17"]
[Round "3.15"]
[White "Kuzubov, Yuriy"]
[Black "Pogorelov, Ruslan"]
[Result "1-0"]
[WhiteElo "2582"]
[BlackElo "2411"]
[PlyCount "79"]
[EventDate "2007.??.??"]

1. d4 Nf6 2. c4 e6 3. Nc3 Bb4 4. Qc2 O-O 5. a3 Bxc3+ 6. Qxc3 b6 7. Nf3 Ne4 8.
Qc2 Bb7 9. g3 f5 10. b4 Nf6 11. Bg2 Be4 12. Qb3 Nc6 13. Bb2 Ne7 14. O-O Qe8 15.
Rfd1 Qh5 16. d5 f4 17. dxe6 fxg3 18. hxg3 dxe6 19. Bxf6 Rxf6 20. Qe3 Bc6 21. b5
Be8 22. Ne5 Rc8 23. g4 Qh4 24. Rd4 Rf8 25. Rad1 h6 26. Re4 Bg6 27. Red4 Be8 28.
Nf3 Qf6 29. Re4 Ng6 30. g5 hxg5 31. Rxe6 Qf4 32. Nxg5 Qxe3 33. fxe3 Rf5 34. Rd5
Nh4 35. Bh3 Rxd5 36. cxd5 Rd8 37. Re7 Bxb5 38. Be6+ Kf8 39. Rxc7 Ra8 40. Bf7
1-0

[Event "IV Open Internacional Calvia"]
[Site "Calvia"]
[Date "2007.10.17"]
[Round "3.16"]
[White "Spraggett, Kevin"]
[Black "Mihailovs, Jurijs"]
[Result "1-0"]
[WhiteElo "2580"]
[BlackElo "2366"]
[PlyCount "78"]
[EventDate "2007.??.??"]

1. e4 c5 2. Nf3 e6 3. d4 cxd4 4. Nxd4 a6 5. Bd3 Bc5 6. Nb3 Ba7 7. Nc3 Nc6 8.
Qg4 Nf6 9. Qg3 d6 10. Bg5 h6 11. Bd2 Ne5 12. Be2 g5 13. O-O-O Rg8 14. f4 gxf4
15. Qxf4 Rxg2 16. Rhf1 Rg6 17. h3 Qb6 18. Qh4 Ng8 19. Bh5 Rg7 20. Bf4 Qc7 21.
Nd4 Qe7 22. Qe1 Nf6 23. Be2 Rg6 24. Bg3 Nh7 25. Kb1 Bd7 26. Nf3 Nxf3 27. Bxf3
Bc5 28. a3 a5 29. e5 d5 30. Bxd5 exd5 31. Nxd5 Qd8 32. Bh4 Qc8 33. Qe4 Bxh3 34.
Nf4 Bxf1 35. Rd8+ Qxd8 36. Bxd8 Rxd8 37. Nxg6 Ng5 38. Qxb7 fxg6 39. Qc6+ Kf7 {
tiempo} 1-0

[Event "IV Open Internacional Calvia"]
[Site "Calvia"]
[Date "2007.10.17"]
[Round "3.18"]
[White "Romanishin, Oleg M"]
[Black "Aloma Vidal, Robert"]
[Result "1/2-1/2"]
[WhiteElo "2547"]
[BlackElo "2398"]
[PlyCount "101"]
[EventDate "2007.??.??"]

1. d4 Nf6 2. Nf3 d5 3. c4 e6 4. g3 dxc4 5. Bg2 Nc6 6. Qa4 Nd7 7. Qxc4 Nb6 8.
Qb5 a6 9. Qd3 e5 10. Be3 Nb4 11. Qd1 exd4 12. Nxd4 c5 13. Nc2 Qxd1+ 14. Kxd1
Nxc2 15. Kxc2 Bf5+ 16. Kc1 O-O-O 17. Nc3 Be7 18. Rd1 Rxd1+ 19. Kxd1 Nc4 20. Nd5
Nxe3+ 21. Nxe3 Rd8+ 22. Nd5 Be6 23. e4 Bf6 24. Kc2 Bd4 25. f4 b5 26. a4 Kb7 27.
axb5 axb5 28. Bf3 b4 29. Rd1 Kc6 30. b3 Bxd5 31. exd5+ Kd6 32. Rd2 Re8 33. Re2
Rxe2+ 34. Bxe2 Kxd5 35. Bf3+ Kd6 36. g4 f5 37. gxf5 Be3 38. h4 Bxf4 39. Kd3 Ke5
40. Be4 h5 41. Bf3 Bg3 42. Bxh5 Kxf5 43. Be2 Bxh4 44. Ke3 g5 45. Kf3 g4+ 46.
Kg2 Kf4 47. Bc4 Be1 48. Bg8 Ke3 49. Be6 g3 50. Bg8 Kf4 51. Bc4 1/2-1/2

[Event "IV Open Internacional Calvia"]
[Site "Calvia"]
[Date "2007.10.17"]
[Round "3.19"]
[White "Sveshnikov, Vladimir"]
[Black "Peralta, Fernando"]
[Result "1/2-1/2"]
[WhiteElo "2366"]
[BlackElo "2546"]
[PlyCount "133"]
[EventDate "2007.??.??"]

1. e4 c6 2. d4 d5 3. exd5 cxd5 4. c4 Nf6 5. Nc3 e6 6. Nf3 Bb4 7. cxd5 Nxd5 8.
Qc2 Nc6 9. Be2 Nce7 10. O-O O-O 11. Nxd5 Nxd5 12. Qe4 Bd7 13. Bd3 f5 14. Qe2
Qf6 15. a3 Bd6 16. Re1 Rfe8 17. Ne5 Bxe5 18. Qxe5 Qxe5 19. dxe5 Bc6 20. Bd2
Red8 21. Bc4 Kf7 22. Rac1 Nb6 23. Be3 f4 24. Bxb6 axb6 25. Rc3 Ra4 26. Be2 Ke7
27. Bf3 Bxf3 28. gxf3 b5 29. Kg2 Rad4 30. Re4 g5 31. h4 gxh4 32. Rc7+ R4d7 33.
Rxd7+ Rxd7 34. Rxf4 Rd5 35. Rxh4 Rxe5 36. Rxh7+ Kd6 37. Rxb7 Kc6 38. Rb8 Re2
39. b4 Ra2 40. Rc8+ Kd6 41. Rc3 e5 42. Kg3 Ke6 43. Rc6+ Kf5 44. Rc5 Rxa3 45.
Rxb5 Rb3 46. Rb8 e4 47. Rf8+ Kg6 48. Rf4 exf3 49. Kg4 Kg7 50. Kg3 Kg6 51. Kg4
Kg7 52. Rc4 Kf6 53. Kf4 Ke6 54. Rc6+ Kd7 55. Rb6 Kc7 56. Rb5 Kc6 57. Re5 Rxb4+
58. Kxf3 Kd6 59. Re4 Rb8 60. Ke2 Kd5 61. Re7 Kd6 62. Re3 Rf8 63. f3 Kd7 64. Re4
Re8 65. Rxe8 Kxe8 66. Ke3 Ke7 67. Ke4 1/2-1/2

[Event "IV Open Internacional Calvia"]
[Site "Calvia"]
[Date "2007.10.17"]
[Round "3.20"]
[White "Pons Servera, Cristobal"]
[Black "Karlsson, Lars"]
[Result "0-1"]
[WhiteElo "2146"]
[BlackElo "2485"]
[PlyCount "63"]
[EventDate "2007.??.??"]

1. d4 f5 2. Nf3 e6 3. g3 Nf6 4. Bg2 d5 5. O-O Bd6 6. c4 O-O 7. Bf4 b6 8. Bxd6
Qxd6 9. cxd5 exd5 10. Nc3 c6 11. Ne5 Bb7 12. Qc2 g6 13. e3 Nbd7 14. Nxd7 Qxd7
15. b4 Ba6 16. Rfd1 Bc4 17. a4 Rae8 18. b5 cxb5 19. axb5 Ne4 20. Nxe4 fxe4 21.
Bf1 Rc8 22. Bxc4 Rxc4 23. Qa2 Rf7 24. Rdb1 h5 25. Qe2 Qc8 26. Ra2 Rfc7 27. Kg2
Qd7 28. Rbb2 Kg7 29. Ra3 Kh6 30. h4 Rc1 31. Raa2 Rh1 32. g4 0-1

[Event "IV Open Internacional Calvia"]
[Site "Calvia"]
[Date "2007.10.17"]
[Round "3.21"]
[White "Wirig, Anthony"]
[Black "Givon, Asaf"]
[Result "1-0"]
[WhiteElo "2467"]
[BlackElo "1937"]
[PlyCount "69"]
[EventDate "2007.??.??"]

1. c4 Nf6 2. g3 g6 3. Bg2 Bg7 4. Nc3 c6 5. e4 d6 6. d4 O-O 7. Nge2 Be6 8. b3
Qc8 9. h3 Na6 10. Bg5 Nc7 11. Rc1 c5 12. Qd2 Re8 13. Be3 b6 14. f4 Rd8 15. g4
Rb8 16. O-O h5 17. d5 Bd7 18. e5 dxe5 19. fxe5 Nh7 20. gxh5 gxh5 21. Rf3 Bxe5
22. Rcf1 Rf8 23. Bf4 Bxf4 24. Qxf4 f6 25. Qh6 Kh8 26. Nf4 Be8 27. Rg3 Rg8 28.
Rxg8+ Kxg8 29. Re1 Qd7 30. Re3 h4 31. Qxh4 Bf7 32. Be4 Ng5 33. Rg3 e6 34. Qh7+
Kf8 35. Ng6+ 1-0

[Event "IV Open Internacional Calvia"]
[Site "Calvia"]
[Date "2007.10.17"]
[Round "3.24"]
[White "Maze, Sebastien"]
[Black "Raznikov, Danny"]
[Result "1-0"]
[WhiteElo "2576"]
[BlackElo "2162"]
[PlyCount "63"]
[EventDate "2007.??.??"]

1. e4 c5 2. Nf3 d6 3. c3 Nf6 4. h3 Nbd7 5. Bd3 b6 6. O-O Bb7 7. Re1 Qc7 8. Bc2
Rc8 9. d4 cxd4 10. Bg5 e6 11. Bxf6 gxf6 12. Nxd4 Rg8 13. Qh5 Rg6 14. Nd2 Qc5
15. Qe2 f5 16. Nxf5 Qe5 17. Nf3 Qf6 18. Rad1 e5 19. Bb3 Nc5 20. Bd5 Ba6 21. Qc2
Bb5 22. g3 Be7 23. N3h4 Rg5 24. Ng2 Ba4 25. b3 Bd7 26. Nge3 b5 27. Kh2 b4 28.
h4 Rg8 29. cxb4 Ne6 30. Bc4 Nd4 31. Rxd4 Bxf5 32. exf5 1-0

[Event "IV Open Internacional Calvia"]
[Site "Calvia"]
[Date "2007.10.17"]
[Round "3.26"]
[White "Libiszewski, Fabien"]
[Black "Hoenick, Andreas"]
[Result "1-0"]
[WhiteElo "2486"]
[BlackElo "2158"]
[PlyCount "101"]
[EventDate "2007.??.??"]

1. d4 Nf6 2. Nf3 e6 3. c4 b6 4. g3 Ba6 5. b3 Bb4+ 6. Bd2 Be7 7. Bg2 c6 8. O-O
O-O 9. Qc2 d5 10. Bf4 Nbd7 11. Rd1 Nh5 12. Bc1 f5 13. Ba3 Bxa3 14. Nxa3 Qe7 15.
Qb2 Rac8 16. Rac1 Nhf6 17. b4 dxc4 18. Nxc4 Nd5 19. a3 Bb5 20. Qb3 Rfd8 21. e3
N7f6 22. Nce5 Ne4 23. Rc2 Qd6 24. Rdc1 Ne7 25. Nd2 Nxd2 26. Rxd2 Rc7 27. Rdc2
Rdc8 28. g4 fxg4 29. Nxg4 Nd5 30. Ne5 a5 31. bxa5 bxa5 32. a4 Ba6 33. Rc5 Qd8
34. Nxc6 Qh4 35. Nxa5 Rxc5 36. dxc5 Rf8 37. f4 Qg4 38. Nc6 g5 39. Ne5 Qe2 40.
Bf1 Qd2 41. Rd1 Qa5 42. Bh3 Bc8 43. Nd3 gxf4 44. e4 Ne3 45. Ra1 Rf6 46. Kh1 Qa8
47. Rg1+ Kf8 48. Qc3 Ke7 49. c6 Qxa4 50. Qc5+ Kd8 51. Qd6+ 1-0

[Event "IV Open Internacional Calvia"]
[Site "Calvia"]
[Date "2007.10.17"]
[Round "3.27"]
[White "Cruz Condori, Alfredo"]
[Black "Zugic, Igor"]
[Result "0-1"]
[WhiteElo "2149"]
[BlackElo "2477"]
[PlyCount "108"]
[EventDate "2007.??.??"]

1. Nf3 Nf6 2. b4 e6 3. a3 d5 4. Bb2 c5 5. bxc5 Bxc5 6. e3 Nc6 7. d4 Be7 8. Nbd2
O-O 9. Bd3 b6 10. O-O Bb7 11. Qe2 Rc8 12. c4 Na5 13. cxd5 exd5 14. Rfc1 Bd6 15.
Ba6 Qe7 16. Bxb7 Qxb7 17. a4 Rxc1+ 18. Rxc1 Rc8 19. Qd1 a6 20. Ne5 b5 21. axb5
axb5 22. Nd3 Nc4 23. Nb3 Qd7 24. Nbc5 Qf5 25. Bc3 Ne4 26. Nxe4 dxe4 27. Nb4
Bxb4 28. Bxb4 Nb2 29. Rxc8+ Qxc8 30. Qb1 Nd3 31. Bc5 Qf5 32. f4 exf3 33. Qxb5
h6 34. Qb8+ Kh7 35. Qg3 fxg2 36. Qxg2 Nxc5 37. dxc5 Qxc5 38. Qe4+ Kg8 39. Qe8+
Qf8 40. Qe4 Qc8 41. Kg2 Qe6 42. Qf3 f5 43. Kf2 Qe5 44. Kg1 Qe4 45. Qf2 Kh7 46.
Qd2 Qf3 47. Qc1 Kg6 48. Qc5 Kh5 49. Qd4 Qg4+ 50. Kf2 Qxd4 51. exd4 Kg5 52. Ke3
Kf6 53. h4 g5 54. h5 Ke6 0-1

[Event "IV Open Internacional Calvia"]
[Site "Calvia"]
[Date "2007.10.17"]
[Round "3.28"]
[White "Cortes, Eduardo"]
[Black "Fernandez Romero, Ernesto"]
[Result "0-1"]
[WhiteElo "2106"]
[BlackElo "2459"]
[PlyCount "54"]
[EventDate "2007.??.??"]

1. e4 c5 2. d4 cxd4 3. Nf3 Nc6 4. Nxd4 Nf6 5. Nc3 d6 6. Bc4 Bd7 7. O-O g6 8. h3
Bg7 9. Be3 O-O 10. Bb3 a6 11. f4 Rc8 12. Qf3 b5 13. Rad1 b4 14. Nce2 Qc7 15. g4
a5 16. g5 Nh5 17. Nf5 Bxf5 18. exf5 Bxb2 19. Qe4 Ng7 20. fxg6 hxg6 21. Qd3 Nf5
22. Bf2 e6 23. Ng3 Nxg3 24. Bxg3 Nd4 25. Rfe1 Nf5 26. Bf2 d5 27. Qf3 Qc6 0-1

[Event "IV Open Internacional Calvia"]
[Site "Calvia"]
[Date "2007.10.17"]
[Round "3.29"]
[White "Juan Mas, Santiago"]
[Black "Arakhamia-Grant, Ketevan"]
[Result "0-1"]
[WhiteElo "2090"]
[BlackElo "2432"]
[PlyCount "50"]
[EventDate "2007.??.??"]

1. d4 Nf6 2. Nf3 g6 3. Bf4 Bg7 4. e3 d6 5. h3 Nbd7 6. c4 O-O 7. Nc3 b6 8. Be2
Bb7 9. O-O Ne4 10. Nxe4 Bxe4 11. Nd2 Bb7 12. Bf3 Bxf3 13. Nxf3 e5 14. dxe5 dxe5
15. Bg5 f6 16. Qd5+ Kh8 17. Rad1 Nc5 18. Qxd8 Raxd8 19. Rxd8 Rxd8 20. Nxe5 Re8
21. Nf7+ Kg8 22. Nh6+ Kf8 23. f4 Ne6 24. h4 fxg5 25. fxg5+ Ke7 0-1